000 00934nam a2200277Ia 4500
003 OSt
005 20220923211037.0
006 a|||||r|||| 00| 0
007 ta
008 220922b |||||||| |||| 00| 0 hin d
020 _a8172014139 (pb)
024 _a230,829
037 _cTextual
040 _aARTS
_cARTS
_bhin
041 _2hin
_ahin
082 _aO152,3N02:g, N3
100 _aराजेन्द्र कुमार
245 0 _aइला चंद्र जोशी
246 _aIlā chandra joshī
260 _aनई दिल्ली
_b साहित्य अकादमी
_c1993
300 _a93पृ.
_ccm.
490 _aभारतीय साहित्य के निर्माता
650 _aहिन्दी साहित्य
_9156264
942 _hO152,3N02:g, N3
_cTEXL
_2CC
999 _c294412
_d294412